| 000 | 00485nam a22001697a 4500 | ||
|---|---|---|---|
| 008 | 230221b |||||||| |||| 00| 0 eng d | ||
| 040 |
_aNational Science Library _cNational Science Library |
||
| 080 |
_aR 539.125.4.164(08) _bL0 |
||
| 100 | _aGrote, H | ||
| 245 | _aAtlas of pratical production spectra | ||
| 260 |
_aLeipzig: _bKarl Marx Universitat, _c1970 |
||
| 300 | _a229p. | ||
| 650 | _aScience | ||
| 653 | _aWater pollution | ||
| 700 | _aHagedorn, R | ||
| 942 |
_2udc _cBK |
||
| 999 |
_c47313 _d47313 |
||